000 01381nam a2200349 c 4500
003 BLK
005 20240108142338.0
008 180410b bul|||||r ||||||| ||bul||
010 _aKNG00163647000
020 _a978-954-384-016-8
_bиздат.: Смол стейшънс прес
040 _aBLK
041 _aBUL
_cBUL
072 7 _2bullib
_aН83
_xЧужда художествена литература Н
080 _aГалисийска литература
_b821.134.4
_x-31
_z821.134.4-31
100 1 _aРивас, Мануел
_eпърви автор
_9304646
700 _aТабакова, Лиляна Кънчева
_9366255
139 _aРивас, Мануел
_bР 58
245 1 0 _aКакво искаш от мен, Любов?
_cМануел Ривас; прев. Лиляна Кънчева Табакова.
257 _aSPA
260 София
_bСмол стейшънс прес
_c2013
_fСофия : Димитър Благоев
300 _a144 с.
_c20 см
380 _aX
490 1 _aСъвременна проза
500 _aОриг. загл.: Que me queres, Amor? / Manuel Rivas.
659 _aН
852 _aЦб 270212
856 4 _qpdf
_u
856 4 _qpdf
_u
942 _cKNG
_n0
944 _aCR
_c24.07.2014
_k30550
_lКети Илиева
944 _aED
_c15.07.2015
_kВиолета_Тройчева
999 _c156801
_d156801